00429nam a2200181Ia 4500003000400000005001700004008004100021020001800062040000700080041000800087082001700095100002300112245003800135260003100173300001500204365001400219650001400233OSt20230505143918.0210423s2001 xx 000 0 und d a9780780360297 cAL aeng a538 MORA223 aMORRISH (Allan H). aPhysical principles of magnetism. aNew yorkbIEEE pressc2001 axv,680bHB b6347cINR aMagnetism